| 000 | 00456cam a22001457a 4500 | ||
|---|---|---|---|
| 008 | 180718b1993 xxu||||| |||| 00| 0 eng d | ||
| 020 | _a9840512234 | ||
| 082 | _aA6x5471 R129 | ||
| 100 | _aRahman, Muhammad Anisur | ||
| 245 |
_aLost moment: dreams with a ntion born through fire _cby Muhammad Anisur Rahman |
||
| 260 |
_aDhaka _bUniversity Press _c1993 |
||
| 300 | _a202p. | ||
| 650 | _aBangladesh - Economic conditions | ||
| 650 | _aEast Pakistan - History | ||
| 999 |
_c385750 _d385750 |
||